000 00701nam a22002537a 4500
003 UA-OsUOA
001 121903
007 ta
008 20170404b un ||||| |||| 00| 0 ukr d
100 _aШеклі Р.
090 _a821.161.2
_bШ40
942 _cBK
040 _aUA-OsUOA
_brus
_cUA-OsUOA
_dUA-OsUOA
245 _aЗлочинна цивілізація. Координати чудес
_bповісті
300 _a238 с.
955 _a3
041 _arus
080 _a821.161.2
020 _a5-308-01404-3
591 _aДімаров А.
260 _aК.
_bДніпро
_c1991
650 7 _a82 Література. Літературознавство
_2UDC
999 _c408110
_d408110